000 01009nam a22003017a 4500
001 4458
003 FISKH
005 20240911090625.0
008 240911b cb ||||| |||| 00| 0 eng d
020 _a9780545146043
040 _aFISKH
_beng
_cFISKH
_dFISKH
050 _aPZ7.B44985
082 _2813
100 _aBergen, Lara
_d1955-
245 _aSophie the awesome /
_cBy Lara Bergen illustrated by Laura Tallardy
250 _aFirst printing in 2010
260 _aNew York :
_bScholastic,
_c2010.
300 _a106 pages :
_billustrations ;
_c20 cm
505 _aG
520 _aThird-grader Sophie wants to be special, and she tries in every way that she can think of to stand out, until she rescues Ella from an oncoming car and becomes Sophie the Hero.
521 8 _a410L
_bLexile
521 8 _aG
_bRaz-Plus
650 _2Fiction
_aSchool
_vSelf-image
650 _2Female narrator
_aChapter book
700 _aTallardy, Laura
_dIllustrator
942 _2ddc
_cBK
_n0
999 _c4458
_d4458